Grammaire négation bac de français - Statistiques

Statistiques générales
  • Ce quiz a été pris 4 833 fois
  • Le résultat moyen est 6 sur 8
Statistiques - réponses
Question Réponse % Correct
Dans la phrase :" L'orage n'éclate pas." Quelle est la portée de la négation ? Négation totale
93%
Qu'est ce qu'un " antonyme" ? Un mot dont le sens s'oppose à celui d'autres mots
90%
Dans la phrase : "Nous ne lisons que des romans policiers" Quelle est la portée de la négation ? négation restrictive
87%
Dans une phrase impérative, l'adverbe "ne" se place...: En premier
81%
Dans la phrase : "Il n'y avait personne." Quelle est la portée de la négation ? négation partielle
72%
Dans la phrase : "Nul n'est censé ignorer la loi." Quelle est la portée de la négation ? négation partielle
67%
Quelle est la nature de "sans" dans le sens négatif et dans la phrase suivante : " Je l'avouerais sans aucune honte ."? une préposition de sens négatif
56%
Qu'est ce qu'un préfixe privatif ? le début d'un mot qui entraîne parfois le doublement de la consonne lors d'une locution négative
52%
Aucun quiz correspondant
Distribution des résultats
% des personnes avec chaque résultat
Percentile par nombre de réponses
Votre historique - résultats
Vous n’avez pas pris ce quiz